000 00547nam a2200193Ia 4500
005 20250524082148.0
008 131103s9999 xx 000 0 und d
040 _aLoreto College
041 _aEnglish
082 _a823.8/DIC
_b#NAME?
100 _aDickens,Charles
245 2 _aA tale of two cities
_cCharles Dickens;Edward Wagenknecht
260 _aNew York
_bThe Modern Library
_c1950
300 _axxii,396 p.
440 _aThe Modern Library Of The World's Best Books
700 _aWagenknecht,Edward
850 _aLCLIB
942 _cBK
999 _c5305
_d55784